000 00662cam a22002293a 4500
001 6103
003 PGUSA
005 20140828083128.0
008 040701s2004||||xxu|||||s|||||000 1 eng d
040 _aPGUSA
_beng
042 _adc
050 4 _aPS
100 1 _aCrewdson, Charles N.
_q(Charles Newman),
_d1870-
245 1 0 _aTales of the Road
_h[electronic resource] /
_cCharles N. Crewdson
260 _bProject Gutenberg,
_c2004
506 _aPublic domain in the USA.
516 _aElectronic text
653 _aTraveling sales personnel -- Fiction
830 0 _aProject Gutenberg
_v6103
856 4 0 _uhttp://www.gutenberg.org/ebooks/6103
942 _cEB
999 _c235431
_d235431